Farmland fragrance/ (Record no. 207685)

MARC details
000 -LEADER
fixed length control field 00593nam a22001817a 4500
005 - DATE AND TIME OF LATEST TRANSACTION
control field 20241213122120.0
010 ## - LCCN (DPL NO)
LC control number ENG-142992
020 ## - INTERNATIONAL STANDARD BOOK NUMBER
Terms of availability 100.00
International Standard Book Number 9788187745204
035 ## - SYSTEM CONTROL NUMBER
System control number EN-126524
037 ## - SOURCE OF ACQUISITION
Source of stock number/acquisition DBAD
082 ## - DEWEY DECIMAL CLASSIFICATION NUMBER
Classification number 881
100 ## - MAIN ENTRY--PERSONAL NAME
Personal name Divendra, Annavaram
245 ## - TITLE STATEMENT
Title Farmland fragrance/
Statement of responsibility, etc By Annavaram Divendra
260 ## - PUBLICATION, DISTRIBUTION, ETC. (IMPRINT)
Place of publication, distribution, etc Andhra Pradesh
Name of publisher, distributor, etc Yugadi publishers
Date of publication, distribution, etc 2011
270 ## - ADDRESS
Address Flat No.406, Maruti Heaven Bhagath Nagar, Karim Nagar
City Andhra Pradesh
Postal code 505001
Electronic mail address annavaramdev@gmail.com
Telephone number 9440763479
300 ## - PHYSICAL DESCRIPTION
Extent 62p.
Dimensions 22Cm(pb)
942 ## - ADDED ENTRY ELEMENTS (KOHA)
Source of classification or shelving scheme Dewey Decimal Classification
Item type English Books
Call number suffix DEV
Classification part 881
Holdings
Withdrawn status Lost status Not for loan Collection code Home library Current library Date acquired Source of acquisition Cost, normal purchase price Full call number Barcode Copy number Cost, replacement price Koha item type
      Non-fiction Ashok Vihar Ashok Vihar 13/12/2024 Delivery of Books Division 100.00 DEV 881 EN-126524 1 100.00 English Books

© Delhi Public Library
Hit Counter
free hit counter